000 00517nam a2200169Ia 4500
999 _c12489
_d12489
003 OSt
005 20201103112658.0
008 190216s9999||||xx |||||||||||||| ||und||
040 _coclc
082 _a891.4
_bTAG/H
100 1 _aTagore, Rabindranath
_938
_d1861-1941
245 0 _aHungry Stones And Other Stories /
_cRabindranath Tagore
260 _bMac Millian And Com. Ltd,
_c1966.
_aLondon:
300 _a271p
650 _aEnglish Stories
942 _cBK
_2ddc
_h891.4
_iTAG/H
_k891.4
_mTAG/H